Predicting breeding values, with applications in forest tree improvement (Record no. 40419)

MARC details
000 -LEADER
fixed length control field 00477nam a2200169Ia 4500
082 ## - DEWEY DECIMAL CLASSIFICATION NUMBER
Classification number 575:631.52
Item number WHI
100 ## - MAIN ENTRY--AUTHOR NAME
Personal name Hodge, Gary R
245 #0 - TITLE STATEMENT
Title Predicting breeding values, with applications in forest tree improvement
260 ## - PUBLICATION, DISTRIBUTION, ETC. (IMPRINT)
Place of publication Boston
Name of publisher Kluwer
Year of publication 1989
490 ## - SERIES STATEMENT
Series statement Forestry Sciences 33
650 ## - SUBJECT ADDED ENTRY--TOPICAL TERM
Topical Term Forest Genetics
650 ## - SUBJECT ADDED ENTRY--TOPICAL TERM
Topical Term Tree breeding
650 ## - SUBJECT ADDED ENTRY--TOPICAL TERM
Topical Term Tree selection
700 ## - ADDED ENTRY--PERSONAL NAME
Personal name White, Timothy
942 ## - ADDED ENTRY ELEMENTS (KOHA)
Koha item type Books
Holdings
Withdrawn status Lost status Damaged status Not for loan Home library Current library Date acquired Cost, normal purchase price Full call number Accession Number Koha item type
        RRII Library RRII Library 16/12/2021 147.00 575:631.52 WHI 20718 Books